Consultation on water company water resources management plan regulations (Record no. 105156)
[ view plain ]
| 000 -LEADER | |
|---|---|
| fixed length control field | 01431cam a2200217 4500 |
| 001 - CONTROL NUMBER | |
| control field | ##L132494 |
| 008 - FIXED-LENGTH DATA ELEMENTS--GENERAL INFORMATION | |
| fixed length control field | 060213n2006 000 0 eng u |
| 035 ## - SYSTEM CONTROL NUMBER | |
| System control number | (Sirsi) u132494 |
| 041 0# - LANGUAGE CODE | |
| Language code of text/sound track or separate title | eng |
| 050 04 - LIBRARY OF CONGRESS CALL NUMBER | |
| Classification number | 627.1 $2 18 |
| 110 1# - MAIN ENTRY--CORPORATE NAME | |
| Corporate name or jurisdiction name as entry element | United Kingdom |
| Subordinate unit | Department for Environment, Food and Rural Affairs |
| 245 00 - TITLE STATEMENT | |
| Title | Consultation on water company water resources management plan regulations |
| Remainder of title | a consultation by the Department for Environment, Food and Rural Affairs and Welsh Assembly Government. |
| 260 ## - PUBLICATION, DISTRIBUTION, ETC. | |
| Place of publication, distribution, etc. | London |
| Name of publisher, distributor, etc. | DEFRA |
| Date of publication, distribution, etc. | 2006 |
| 520 ## - SUMMARY, ETC. | |
| Summary, etc. | This joint consultation paper seeks views on proposals for water company water resources management plan regulations for England and Wales. Since 1999 water companies have produced water resources plans on a voluntary basis but the Water Act 2003 has made it statutory for water companies to produce these plans. The proposed regulations will specify details about some of the processes involved and will enable stakeholders to be better informed and contribute to the water resources planning process. The consultation closes on 25 April 2006. |
| 590 ## - LOCAL NOTE (RLIN) | |
| Local note | IKA140206 |
| 650 24 - SUBJECT ADDED ENTRY--TOPICAL TERM | |
| Topical term or geographic name entry element | WATER ACT 2003 |
| 690 ## - LOCAL SUBJECT ADDED ENTRY--TOPICAL TERM (OCLC, RLIN) | |
| Topical term or geographic name as entry element | ENVIRONMENTAL AND LAND CONSULTANCY-WATER RESOURCE MANAGEMENT |
| 710 2# - ADDED ENTRY--CORPORATE NAME | |
| Corporate name or jurisdiction name as entry element | Wales |
| Subordinate unit | National Assembly for Wales |
| 9 (RLIN) | 4836 |
| 856 40 - ELECTRONIC LOCATION AND ACCESS | |
| Uniform Resource Identifier | <a href="https://www.defra.gov.uk/corporate/consult/wrmr/index.htm">https://www.defra.gov.uk/corporate/consult/wrmr/index.htm</a> |
| Public note | View the consultation free of charge at www.defra.gov.uk... |
| 942 ## - ADDED ENTRY ELEMENTS (KOHA) | |
| Suppress in OPAC | 0 |
| Withdrawn status | Lost status | Source of classification or shelving scheme | Damaged status | Not for loan | Home library | Current library | Shelving location | Date acquired | Total Checkouts | Full call number | Barcode | Date last seen | Copy number | Price effective from | Koha item type |
|---|---|---|---|---|---|---|---|---|---|---|---|---|---|---|---|
| Dewey Decimal Classification | Virtual | Virtual | Online | 13/02/2006 | ONLINE PUBLICATION | 132494-2001 | 06/08/2019 | 1 | 06/08/2019 | Book |